000
00294nam a22001337a 4500
008
170428b xxu||||| |||| 00| 0 eng d
020
_a
9780812238617
041
_a
eng
080
_a
343.9
100
_a
13
101
_a
SHM
245
_a
HARRY MULISCH CRIMINAL
_c
HARRY.M
942
_2
udc
_c
BK
999
_c
12315
_d
12315